| 000 | 00399nam a22001697a 4500 | ||
|---|---|---|---|
| 003 | SGT | ||
| 020 | _a9789386322654 | ||
| 082 |
_a616.0757 _bR17S |
||
| 100 | _aSINGH, HARIQBAL | ||
| 245 | _aTB. OF RADIOLOGY ABDOMEN AND PELVIS | ||
| 250 | _a1ST | ||
| 260 |
_aINDIA _bJAYPEE PUB _c2017 |
||
| 300 | _a278 | ||
| 650 | _aRADIOLOGY | ||
| 653 | _aRADIOLOGY ABDOMEN AND PELVIS | ||
| 942 |
_2ddc _cBK _03 |
||
| 999 |
_c25435 _d25435 |
||